LEADER 01040nam0-22003611i-450- 001 990000766940403321 005 20080221141843.0 035 $a000076694 035 $aFED01000076694 035 $a(Aleph)000076694FED01 035 $a000076694 100 $a20020821d1987----km-y0itay50------ba 101 0 $aita 102 $aIT 105 $ay-------001yy 200 1 $aArchitettura e prospettiva$etra inediti e rari$fAlessandro Gambuti, Andrea Andanti, Filippo Camerota 210 $aFirenze$cAlinea$d1987 215 $a111 p.$cin gran parte ill.$d24 cm 610 0 $aProspettiva 610 0 $aArchitettura moderna 676 $a724.1 700 1$aGambuti,$bAlessandro$038057 701 1$aAndanti,$bAndrea$038058 701 1$aCamerota,$bFilippo$038059 801 0$aIT$bUNINA$gRICA$2UNIMARC 901 $aBK 912 $a990000766940403321 952 $aARCH B 938$b1157$fFARBC 952 $a13 N 15 03$b15443$fFINBC 959 $aFARBC 959 $aFINBC 996 $aArchitettura e prospettiva$9350472 997 $aUNINA LEADER 00987nam0 22002653i 450 001 RML0448753 005 20231121125803.0 010 $a9783639801460 100 $a20191217d2014 ||||0itac50 ba 101 | $aita 102 $ait 181 1$6z01$ai $bxxxe 182 1$6z01$an 200 1 $a˜L œAnalisi della produzione in linea$elinee di assemblaggio manuali: l'analisi, il bilanciamento e la simulazione in ottica Lean Production$fMario Garofalo 210 $a[s.l.]$cEdizioni Accademiche Italiane$d2014 215 $a336 p.$d22 cm. 700 1$aGarofalo$b, Mario$3RMLV230349$4070$0537962 801 3$aIT$bIT-01$c20191217 850 $aIT-FR0099 899 $aBiblioteca Area Ingegneristica$bFR0099 912 $aRML0448753 950 0$aBiblioteca Area Ingegneristica$d 54S. L. 658.5 GAR$e 54SBA0000256515 VMN A4 $fA $h20191217$i20191217 977 $a 54 996 $aAnalisi della produzione in linea$93634128 997 $aUNICAS